| 000 | 00750nam a2200289Ia 4500 | ||
|---|---|---|---|
| 001 | 2630 | ||
| 005 | 20240113233548.0 | ||
| 007 | ta | ||
| 008 | 050228s1975 g b000 u hin u | ||
| 040 | _aCotton College,Assam | ||
| 041 | _ahin | ||
| 082 |
_a891.2 _bTr 73 Ta |
||
| 100 | _aTripathi, Kedarnath . | ||
| 245 | 0 |
_aTarkasangrah / _cKedarnath Tripathi. _hTextual Documents |
|
| 250 | _a1st ed. / | ||
| 260 |
_aDelhi : _bMotilal Banarsidass Publishers , _c1975. |
||
| 300 |
_a194p. ; _c23cm. |
||
| 653 | _aHindi literature | ||
| 653 | _aHindi prose | ||
| 653 | _aLogic and Philosophy | ||
| 653 | _aGen-Hindi | ||
| 653 | _aMS-Sanskrit | ||
| 942 |
_2ddc _cBK |
||
| 999 |
_c2623 _d2623 |
||